Die Reorganisation des Malteserritterordens nach 1798
| Main Author: | |
|---|---|
| Format: | Print Article |
| Language: | German |
| Check availability: | HBZ Gateway |
| Interlibrary Loan: | Interlibrary Loan for the Fachinformationsdienste (Specialized Information Services in Germany) |
| Published: |
1968
|
| In: |
Archiv für katholisches Kirchenrecht
Year: 1968, Volume: 137, Pages: 463-523 |
| IxTheo Classification: | KCA Monasticism; religious orders SB Catholic Church law |
| Further subjects: | B
Order
B Order of knighthood B Canon Law B Malteser B Neueste Zeit B military orders / knightly orders B Church law B most recent times B Malta |
MARC
| LEADER | 00000caa a22000002c 4500 | ||
|---|---|---|---|
| 001 | 596373201 | ||
| 003 | DE-627 | ||
| 005 | 20221017163016.0 | ||
| 007 | tu | ||
| 008 | 190311s1968 xx ||||| 00| ||ger c | ||
| 035 | |a (DE-627)596373201 | ||
| 035 | |a (DE-576)518939596 | ||
| 035 | |a (DE-599)GBV596373201 | ||
| 040 | |a DE-627 |b ger |c DE-627 |e rakwb | ||
| 041 | |a ger | ||
| 084 | |a 1 |2 ssgn | ||
| 100 | 1 | |0 (DE-588)101227392X |0 (DE-627)661361829 |0 (DE-576)161462669 |4 aut |a Hofmeister, Philipp |d 1888-1969 | |
| 109 | |a Hofmeister, Philipp 1888-1969 | ||
| 245 | 1 | 4 | |a Die Reorganisation des Malteserritterordens nach 1798 |
| 264 | 1 | |c 1968 | |
| 336 | |a Text |b txt |2 rdacontent | ||
| 337 | |a ohne Hilfsmittel zu benutzen |b n |2 rdamedia | ||
| 338 | |a Band |b nc |2 rdacarrier | ||
| 601 | |a Reorganisation | ||
| 610 | 2 | 7 | |0 (DE-588)4168735-8 |0 (DE-627)104247738 |0 (DE-576)209917830 |a Malteser |2 gnd |
| 650 | 0 | 7 | |0 (DE-588)4043726-7 |0 (DE-627)104767634 |0 (DE-576)209057211 |a Orden |2 gnd |
| 650 | 4 | |a Ritterorden | |
| 650 | 4 | |a Neueste Zeit | |
| 650 | 4 | |a Kirchenrecht | |
| 650 | 4 | |a Malta | |
| 650 | 4 | |a military orders/knightly orders | |
| 650 | 4 | |a most recent times | |
| 650 | 4 | |a Canon Law | |
| 652 | |a KCA:SB | ||
| 773 | 0 | 8 | |i In |t Archiv für katholisches Kirchenrecht |d Paderborn : Schöningh, 1857 |g 137(1968), Seite 463-523 |w (DE-627)129061514 |w (DE-600)468-6 |w (DE-576)014392291 |x 0003-9160 |7 nnas |
| 773 | 1 | 8 | |g volume:137 |g year:1968 |g pages:463-523 |
| 935 | |a KALD | ||
| 935 | |i Blocktest | ||
| 951 | |a AR | ||
| CAN | |a 1 | ||
| ELC | |b 1 | ||
| ITA | |a 1 |t 1 | ||
| LOK | |0 000 xxxxxcx a22 zn 4500 | ||
| LOK | |0 001 3335906918 | ||
| LOK | |0 003 DE-627 | ||
| LOK | |0 004 596373201 | ||
| LOK | |0 005 20191114123828 | ||
| LOK | |0 008 190311||||||||||||||||ger||||||| | ||
| LOK | |0 035 |a (DE-Tue135-1)68828 | ||
| LOK | |0 040 |a DE-Tue135-1 |c DE-627 |d DE-Tue135-1 | ||
| LOK | |0 852 |a DE-Tue135-1 | ||
| LOK | |0 852 1 |c FTHKR097796/137/HRP |m p |9 00 | ||
| LOK | |0 852 2 |b FTH Z5-040 |9 00 | ||
| LOK | |0 935 |a iZSA | ||
| LOK | |0 936ln |0 1442053313 |a SB | ||
| LOK | |0 936ln |0 1442049448 |a KCA | ||
| LOK | |0 938 |k p | ||
| LOK | |0 939 |a 11-03-19 |b l01 | ||
| ORI | |a SA-MARC-ixtheoa001.raw | ||
| STA | 0 | 0 | |a Church law,Ecclesiastical law,Order of knighthood,Knightly order,Military order,Order,Order,Religious order,Religious community,Order of merit,Medals |
| STB | 0 | 0 | |a Droit ecclésiastique,Médaille,Ordre religieux,Médailles,Ordre militaire religieux,Ordres militaires (religion) |
| STC | 0 | 0 | |a Derecho eclesiástico,Orden de caballero,Orden,Orden,Congregación,Congregación |
| STD | 0 | 0 | |a Diritto ecclesiastico,Ordine,Ordine religioso,Ordini cavallereschi |
| STE | 0 | 0 | |a 勋章,修会,教团,教会法规,教规,骑士团 |
| STF | 0 | 0 | |a 勳章,修會,教團,教會法規,教規,騎士團 |
| STG | 0 | 0 | |a Direito eclesiástico,Ordem de cavaleiros,Ordem,Ordem,Congregação,Congregação |
| STH | 0 | 0 | |a Каноническое право,Церковное право,Орден (медаль),Орден (союз),Рыцарский орден |
| STI | 0 | 0 | |a Εκκλησιαστικό Δίκαιο,Παράσημο (έμβλημα τιμής),Θρησκευτικό τάγμα,Τάγμα ιπποτών |
| SUB | |a CAN | ||
| SYB | 0 | 0 | |a Malteserorden,Chevaliers de Malte,Johanniterorden auf Malta,Knights of Malta,Ordo Militiae Sancti Joannis Baptistae Hospitalis Hierosolymitani |
| SYE | 0 | 0 | |a Verdienstorden,Ordensgemeinschaft , Malta , Melite,Melita,Mlt,Repubblika ta'Malta,Republic of Malta,State of Malta,Stat ta'Malta,Republik Malta |